| 000 | 00770 a2200229 4500 | ||
|---|---|---|---|
| 005 | 20190717114002.0 | ||
| 008 | 190717s2010 enk||||| |||| 00| 0 eng d | ||
| 020 | _a9781843927761 | ||
| 040 |
_aCO-BoUCM _bspa _cSaul Niño _dSaul Niño |
||
| 041 | 0 | _aeng | |
| 245 | 0 | 0 |
_aOffenders on offending _blearning about crime from criminals _cedited by Wim Bernasco |
| 260 |
_aLondon _aNew York _bRoutledge _c2010 |
||
| 300 | _axxii, 322 páginas | ||
| 546 | _aTexto en inglés | ||
| 650 | 7 |
_922805 _aPsicología criminal |
|
| 650 | 7 |
_911522 _aConducta criminal |
|
| 650 | 7 |
_912553 _aDelincuentes |
|
| 650 | 7 |
_912140 _aCrimen _xInvestigaciones |
|
| 700 | 1 | 0 |
_aBernasco, Wim _eeditor _997686 |
| 942 |
_cLIBRO _2DEWEY _a5 _e1 _h364 _mO321o |
||
| 999 |
_c313535 _d313535 |
||